Normal view
MARC view
- Yunus, Mohammad.
Entry Personal Name
001 - CONTROL NUMBER
- control field: 2801
003 - CONTROL NUMBER IDENTIFIER
- control field: NUST
005 - DATE AND TIME OF LATEST TRANSACTION
- control field: 20170616110652.0
008 - FIXED-LENGTH DATA ELEMENTS
- fixed length control field: 170616|| aca||aabn | a|a d
040 ## - CATALOGING SOURCE
- Original cataloging agency: NUST
- Transcribing agency: NUST
100 ## - HEADING--PERSONAL NAME
- Personal name: Yunus, Mohammad.
670 ## - SOURCE DATA FOUND
- Source citation: Work cat.: (NUST)0: Plant response to air pollution /, c1996.
